=LDR 00000nam 2200000 4500 =001 000727 =005 20250711035152 =035 ##$$a 0010-0725000595 =007 ta =008 250711################a##########0#ind## =020 ##$$a 978-623-307-98-1 =082 ##$$a 398.209 598 =084 ##$$a 398.209 598 THA k =100 #$$a Thakrar archana =245 1#$$a Kemal si kadal /$c Archana p thakrar =250 ##$$a Cetakan pertama =260 ##$$a Rawamangun :$b Badan pengembangan dan pusat bahasa,$c 2022 =300 ##$$a 16 hlm. : $b Ilus. ; $c 22,9 cm. =650 #4$$a Cerita anak indonesia-terjemahan =650 #4$$a Literasi-bahan bacaan =990 ##$$a TBM05040504